000 01335nam a2200337 4500
001 768714001
003 CO-MdFUSB
005 20260319144604.0
007 ta
008 240925t1995 -usa|||| |||| 001 0 eng d
020 _a0-310-49021-9
040 _bspa.
_aCO-MdFUSB
_cCO-MdFUSB
_dCO-MdFUSBC
_erda
041 _aeng
082 _223
_a221.6
_bSA132
100 _aSailhamer, John.
_eautor
245 1 _aIntroduction to Old Testament Theology :
_ba Canonical Approach
_c/ John H. Sailhamer
264 1 _aGrand Rapids, Michigan :
_bZondervan,
_c[1995]
264 4 _c©1995
300 _a327 páginas
_b: ilustraciones
_c; 24 cm
336 _2rdacontent
_atexto
_btxt
337 _2rdamedia
_asin mediación
_bn
338 _2rdacarrier
_avolumen
_bnc
500 _aIncluye índice de autores, índice de temas y referencia bibliográfica
505 _tLa metodología de la teología del Antiguo Testamento:
_aMetodología. -- Texto o Evento. -- Crítica o Canon. -- Descriptivo o Confesional. -- Diacrónico o Sincrónico.
_tUna teología canónica del Antiguo Testamento:
_gUna propuesta de teología canónica.
563 _aPasta dura
630 0 7 _aBiblia.
_pAntiguo Testamento
650 7 _aHermenéutica bíblica
_2embne
_97333
942 _cBK
945 _aCatherine Arias Alvarez
999 _c70974
_d70974